Statistics for Groups of 4 Countries That Border Each Other

Click here to take the quiz!

General Stats

  • This quiz has been taken 3,101 times
  • The average score is 23 of 31

Answer Stats

Country% Correct
Germany
95%
France
93%
Russia
91%
Brazil
90%
Belgium
88%
Argentina
88%
Poland
87%
Paraguay
86%
Bolivia
86%
Ukraine
84%
Belarus
84%
Luxembourg
83%
Latvia
82%
Lithuania
82%
DR of Congo
78%
Serbia
75%
Croatia
74%
Bosnia and Herzegovina
72%
Montenegro
68%
Iran
66%
Rwanda
64%
Uganda
64%
Tanzania
63%
Zambia
61%
Turkey
61%
Mozambique
59%
Burundi
58%
Georgia
57%
Armenia
57%
Azerbaijan
56%
Malawi
55%

Score Distribution

Percentile by Number Answered

Percent of People with Each Score

Your Score History

You have not taken this quiz